Potential soil carbon sequestration in a semiarid mediterranean agroecosystem under climate change: Quantifying management and climate effects (Record no. 65397)

MARC details
000 -LEADER
fixed length control field 00561nam a2200181Ia 4500
100 ## - MAIN ENTRY--AUTHOR NAME
Personal name Alvaro-Fuentes J
245 #0 - TITLE STATEMENT
Title Potential soil carbon sequestration in a semiarid mediterranean agroecosystem under climate change: Quantifying management and climate effects
260 ## - PUBLICATION, DISTRIBUTION, ETC. (IMPRINT)
Name of publisher Plant and Soil
Year of publication 2011
300 ## - PHYSICAL DESCRIPTION
Number of Pages 261-272
650 ## - SUBJECT ADDED ENTRY--TOPICAL TERM
Topical Term Climate change
650 ## - SUBJECT ADDED ENTRY--TOPICAL TERM
Topical Term Mediterranean systems
650 ## - SUBJECT ADDED ENTRY--TOPICAL TERM
Topical Term Modeling
650 ## - SUBJECT ADDED ENTRY--TOPICAL TERM
Topical Term Soil organic carbon
650 ## - SUBJECT ADDED ENTRY--TOPICAL TERM
Topical Term Tillage
700 ## - ADDED ENTRY--PERSONAL NAME
Personal name Paustian K
942 ## - ADDED ENTRY ELEMENTS (KOHA)
Koha item type Journals
Holdings
Withdrawn status Lost status Damaged status Not for loan Home library Current library Shelving location Date acquired Serial Enumeration / chronology Koha item type
      Journals RRII Library RRII Library Climate change 01/01/2021 Volume 338, Issue 02-Jan Journals